000 00244nam a2200097Ia 4500
001 640741
005 20250826153453.0
008 250824s9999 xx 000 0 und d
245 0 _aNEREDEN NEREYE BİLİM
_cANNA CLAYBOURNE
260 _bGENÇ TİMAŞ
999 _c640741
_d640741